Japan work ways 1960 - 1976 - 1990
This book introduce about industrial relations since 1945. Managemetn enemy or partner. Acceptance of managemetn authority. Community relations in the company. Commitment to the company.
Spremljeno u:
| Glavni autor: | |
|---|---|
| Format: | Knjiga |
| Jezik: | Undetermined |
| Izdano: |
Tokyo
Japan Institute of Labour
1981
|
| Teme: | |
| Oznake: |
Dodaj oznaku
Bez oznaka, Budi prvi tko označuje ovaj zapis!
|
| Thư viện lưu trữ: | Trung tâm Học liệu Trường Đại học Cần Thơ |
|---|
| LEADER | 00733nam a2200193Ia 4500 | ||
|---|---|---|---|
| 001 | CTU_230070 | ||
| 008 | 210402s9999 xx 000 0 und d | ||
| 082 | |a 331.0952 | ||
| 082 | |b T136 | ||
| 100 | |a Takezawa, Shin-ichi | ||
| 245 | 0 | |a Japan work ways 1960 - 1976 - 1990 | |
| 245 | 0 | |c Shin-ichi Takezawa | |
| 260 | |a Tokyo | ||
| 260 | |b Japan Institute of Labour | ||
| 260 | |c 1981 | ||
| 520 | |a This book introduce about industrial relations since 1945. Managemetn enemy or partner. Acceptance of managemetn authority. Community relations in the company. Commitment to the company. | ||
| 650 | |a Quản trị công nghiệp,Industrial management | ||
| 910 | |b dqhieu | ||
| 980 | |a Trung tâm Học liệu Trường Đại học Cần Thơ | ||